| Tag |
First Indicator |
Second Indicator |
Subfields |
| LEADER |
00000pam a2200000 a 4500 |
| 001 |
in00000084217 |
| 005 |
20151008055719.0 |
| 008 |
810507s1982 ilu b 00110 eng |
| 010 |
|
|
|a 81005815
|
| 020 |
|
|
|a 0398045356
|
| 035 |
|
|
|a (OCoLC)07551398
|
| 035 |
|
|
|9 AAJ4188AM
|
| 039 |
0 |
|
|a 2
|b 3
|c 3
|d 3
|e 3
|
| 040 |
|
|
|a DLC
|c DLC
|d TXA
|d UtOrBLW
|
| 049 |
|
|
|a TXAM
|c [387756]
|
| 050 |
0 |
0 |
|a RC480.6
|b .F73
|
| 082 |
0 |
|
|a 616.89/025
|2 19
|
| 100 |
1 |
|
|a France, Kenneth.
|
| 245 |
1 |
0 |
|a Crisis intervention :
|b a handbook of immediate person-to-person help /
|c by Kenneth France.
|
| 264 |
|
1 |
|a Springfield, Ill. :
|b C.C. Thomas,
|c [1982]
|
| 264 |
|
4 |
|c ©1982
|
| 300 |
|
|
|a xiii, 238 pages ;
|c 24 cm.
|
| 336 |
|
|
|a text
|b txt
|2 rdacontent
|
| 337 |
|
|
|a unmediated
|b n
|2 rdamedia
|
| 338 |
|
|
|a volume
|b nc
|2 rdacarrier
|
| 500 |
|
|
|a Includes indexes.
|
| 504 |
|
|
|a Bibliography: pages [219]-229.
|
| 650 |
|
0 |
|a Crisis intervention (Mental health services)
|
| 999 |
|
|
|a MARS
|
| 999 |
f |
f |
|s 2c8ec799-1868-3b31-9f31-ac3ad01c8fdd
|i b6e87596-643d-3a87-af42-03f8ab707466
|t 0
|
| 952 |
f |
f |
|p ric
|a Texas A&M University
|b Rellis Campus
|c Joint Library Facility
|d Remote Storage
|t 0
|e RC480.6 .F73
|h Library of Congress classification
|i unmediated -- volume
|m A14806229942
|
| 998 |
f |
f |
|a RC480.6 .F73
|t 0
|l Remote Storage
|